000
00321nam a2200121Ia 4500
008
231129s1976||||xx |||||||||||||| ||spa||
082
_a
HAJ- 0305
100
_a
Hite Shere
245
0
_a
El informe Hite; estudio de la sexualidad femenina
260
_c
1976
264
_a
Bogotá: Plaza & Janés 1976
942
_2
ddc
_c
BKS
999
_c
11360
_d
11360